| 000 | 00746nam a2200217 i 4500 | ||
|---|---|---|---|
| 001 | 161644 | ||
| 003 | ES-MaACL | ||
| 005 | 20251005063126.0 | ||
| 008 | 931025s1880 it |||| | ita d | ||
| 100 | 1 |
_aPellico, Silvio, _d1789-1854 _9130947 |
|
| 245 | 1 | 0 |
_aCantiche e Tragedie scelte / _cSilvio Pellico ; con prefazione [de Francesco Costèro]. |
| 250 | _aEd. stereotipe. | ||
| 260 |
_aMilano : _bEdoardo Sonzogno, _c1880. |
||
| 300 |
_a364 p. ; _c19 cm. |
||
| 490 | 1 |
_aBiblioteca Classica Económica ; _v70 |
|
| 700 | 1 |
_aCostèro, Francesco, _d1818-1881 _941149 |
|
| 740 | 0 | _aTragedie scelte. | |
| 830 | 0 | 0 |
_aBiblioteca classica economica _v70 _9182054 |
| 852 |
_aES-MaACL _jF-10620(2) _z-- Enc. hol. |
||
| 999 |
_c161644 _d161644 |
||